1001 1247 1502 1891 1009 1213 1300 1826 1743 1496 1198 1427 1966 1372 1096 1508 1716 1429 1805 1878 1143 1759 1750 1499 1708 1504 1694 1933 1015 1702 1296 1209 1965 1231 1959 1583 1200 1547 1927 1441 1040 1541 1878 1393 1778 1004 1304 1086 1853 1038 1427 1914 1964 1577 1506 1525 1964 1280 1538 1734 1768 1390 1954 1341 1795 1618 1001 1849 1993 1856 1443 1044 1446 1248 1997 1300 1721 1837 1165 1480 1558 1181 1630 1524 1455 1120 1760 1305 1488 1189 1536 1249 1178 1931 1265 1304 1510 1382 1515 BCNSPRNW ULIB Ver.6.0+V

เปลี่ยนเป็นภาษาไทย

Change to English
 แสดงรายละเอียดบรรณานุกรม
  กลับหน้าหลัก

Brief Record : Get Marc (ISO 2709) : E-mail record : QR code < ปิดหน้าต่าง
LEADER : 00000nam 2200000uu 4500
001    13399112408
003     ULIB
008    110627s||||||||th 000 0 tha d
020    9786167123608
090    นว.^bล445ห มปป.
100 0  ลินิน
245 00 หัวใจแค้นลิขิตรัก/^cลินิน
250    พิมพ์ครั้งที่ 1
260    กรุงเทพฯ :^bกรีนมายด์,^cมปป.
300    249 หน้า
710 1  กรีนมายด์
945    ^p199^l0^i028065
995    ทศพร
999 ^a ใช้งานได้ทุกระบบ
รายการนี้ยังไม่มีแท็ก
คุณยังไม่ได้ล็อกอิน คุณสามารถมีกิจกรรมร่วมกับเว็บไซต์ได้ แต่ต้องล็อกอินก่อน ::
  ล็อกอิน

รายการสื่อสารสนเทศ

ลำดับที่ ประเภท เลขเรียก/บาร์โค้ด สถานที่ สถานะ
- ไม่พบข้อมูล -

BibComment


ยังไม่เคยถูกคอมเมนท์

คอมเมนท์ทรัพยากรรายการนี้
  คอมเมนท์: หัวใจแค้นลิขิตรัก..


 Copyright 2026. Bcnsprnw @Library